Szczegóły MARC21

Makroekonomia w procesie integracji z Unią Europejską /

003 -Nazwa inst., której nr kontr. jest w polu 001 [,]
    • @
    • Nazwa instytucji, której n kontrolny jest w polu 001
    • NUKAT
005 -DATA I CZAS OSTATNIEJ MODYFIKACJI [,]
    • @
    • pole kontrolne
    • 20241231093522.0
020 -Międzynarod. znormalizowany nr książki - ISBN [ , ]
    • a
    • Numer ISBN
    • 8391454118 Find
040 -Instytucja sporządzająca opis [ , ]
    • a
    • Instytucja, która sporządziła opis (NP)
    • TOR U/GS
    • c
    • Instytucja, która sporządziła rekord (NP)
    • TOR U/GS
    • d
    • Instytucja, która zmodyfikowała rekord (P)
    • TOR U/AP
    • d
    • Instytucja, która zmodyfikowała rekord (P)
    • TOR U/IFs
942 -Rodzaj dokumentu [ , ]
    • c
    • Rodzaj dokumentu
    • Książka
100 -Hasło główne - nazwa osobowa [1, ]
    • a
    • Nazwa osobowa (NP)
    • Grzelak, Anna
    • c
    • Dopowiedzenie inne niż daty biograficzne (P)
    • (ekonomia).
    • 9
    • KHW
    • 408976
245 -Strefa tytułu i oznaczenia odpowiedzialności [1,0]
    • a
    • Tytuł
    • Makroekonomia w procesie integracji z Unią Europejską / Find
    • c
    • Pozostałe elementy strefy tytułu i oznaczenia odpowiedzialności (NP)
    • Anna Grzelak ; Wyższa Szkoła Integracji Europejskiej.
260 -Strefa adresu wydawniczego [ , ]
    • a
    • Miejsce wydania (P)
    • Szczecin :
    • b
    • Nazwa wydawcy (P)
    • Wyższa Szkoła Integracji Europejskiej,
    • c
    • Data wydania (P)
    • 2002.
300 -Strefa opisu fizycznego [ , ]
    • a
    • Określenie formy książki i/lub objętość (NP)
    • 216 s. :
    • b
    • Oznaczenie ilustracji (NP)
    • il., wykr. ;
    • c
    • Format (NP)
    • 24 cm.
336 -Typ zawartości [ , ]
    • a
    • Termin opisujący typ zawartości
    • Tekst
    • b
    • Kod określający zawartość
    • txt
    • 2
    • Źródło (terminu i kodu)
    • rdacontent
337 -Typ mediów [ , ]
    • a
    • Tryb odtwarzania
    • Bez urządzenia pośredniczącego
    • b
    • Kod typu mediów
    • n
    • 2
    • Źródło (terminu i kodu)
    • rdamedia
338 -Typ/rodzaj nośnika [ , ]
    • a
    • Hasło opisujące typ nośnika
    • Wolumin
    • b
    • Kod typu nośnika
    • nc
    • 2
    • Źródło (terminu i kodu)
    • rdacarrier
504 -Uwaga dot. bibliogr. załącznikowej [ , ]
    • a
    • Uwaga dot. bibliografii załącznikowej
    • Bibliogr. s. [215]-216.
080 -Uniwersalna Klasyfikacja Dziesiętna [ , ]
    • 2
    • Identyfikator wydania tablic
    • UDC-P058
    • a
    • Symbol klasyfikacji
    • 330.101.541
    • b
    • Dopowiedzenie
    • Makroekonomia.
    • x
    • Poddział wspólny
    • (438:4-67)
    • b
    • Dopowiedzenie
    • (Polska - Unia Europejska)
    • x
    • Poddział wspólny
    • "1989/..."
650 -Hasło przedmiotowe [ ,7]
    • a
    • Hasło przedmiotowe
    • Ekonomia.
    • 2
    • Źródło terminu
    • kaba
    • 9
    • KHW
    • 107454
650 -Hasło przedmiotowe [ ,7]
    • a
    • Hasło przedmiotowe
    • Makroekonomia.
    • 2
    • Źródło terminu
    • kaba
    • 9
    • KHW
    • 118032
650 -Hasło przedmiotowe [ ,7]
    • a
    • Hasło przedmiotowe
    • Polityka gospodarcza.
    • 2
    • Źródło terminu
    • kaba
    • 9
    • KHW
    • 124650
980 -Symbol UKD [ , ]
    • a
    • UKD
    • 330.101.541(438:4-67)"1989/..."
920 -ISBN [ , ]
    • a
    • ISBN
    • 83-914541-1-8 Find
Sygnatura Numer inwentarzowy Status udost. Data inwentaryzacji Lokalizacja
 Z.9964512003-01-09BG
WM.564WM.564-32003-01-09BG
WM.564WM.565-32003-01-09BG
WM.564WM.566-32003-01-09BG
WM.564WM.56722003-01-09BG
TM.483TM.483-32003-01-09T
TM.484TM.484-32003-01-09T
TM.485TM.485-32003-01-09T
TM.486TM.486-32003-01-09T
TM.487TM.487-32003-01-09T
TM.488TM.488-32003-01-09T
TM.490TM.490-32003-01-09T
TM.491TM.491-32003-01-09T
TM.492TM.492-32003-01-09T
TM.493TM.493-32003-01-09T
TM.494TM.494-32003-01-09T
TM.495TM.495-32003-01-09T
TM.496TM.496-32003-01-09T
 TM.49722003-01-09T
TM.1646TM.1646-62003-10-07T
TM.1647TM.1647-62003-10-07T
TM.1648TM.1648-32003-10-07T
TM.1649TM.1649-32003-10-07T
TM.1651TM.1651-32003-10-07T
TM.1652TM.1652-32003-10-07T
TM.1653TM.1653-32003-10-07T
TM.1654TM.1654-32003-10-07T
TM.1655TM.1655-32003-10-07T
TM.1656TM.1656-32003-10-07T
TM.1657TM.1657-62003-10-07T
TM.1658TM.1658-62003-10-07T
TM.1659TM.1659-32003-10-07T
TM.1660TM.1660-32003-10-07T
TM.1661TM.1661-32003-10-07T
TM.1663TM.1663-32003-10-07T
TM.1664TM.1664-32003-10-07T
TM.1665TM.1665-32003-10-07T
TM.1666TM.1666-32003-10-07T
TM.1667TM.1667-32003-10-07T
TM.1668TM.1668-32003-10-07T
TM.1669TM.1669-32003-10-07T
TM.1670TM.1670-32003-10-07T
TM.1671TM.1671-32003-10-07T
TM.1672TM.1672-32003-10-07T
TM.1673TM.1673-32003-10-07T
TM.1674TM.1674-32003-10-07T
TM.1675TM.1675-32003-10-07T
T.8136T.8136-32004-09-22T
TM.2589TM.2589-62004-09-22T
TM.2590TM.2590-32004-09-22T
TM.2591TM.2591-32004-09-22T
TM.2592TM.2592-62004-09-22T
TM.3715TM.3715-32006-01-09T
TM.3793TM.3793-32006-02-07T
TM.4789TM.4789-32007-08-27T
TM.4788TM.4788-32007-08-27T
TM.5321TM.5321-32008-03-10T
TM.5646TM.5646-32008-04-30T
TM.5807TM.5807-32008-06-06T
TM.7168TM.7168-32010-05-19T
TM.7169TM.7169-62010-05-19T
TM.8414TM.8414-32012-03-30T
TM.489TM.489-62003-01-09T
TM.1650TM.1650-62003-10-07T
TM.5322TM.5322-62008-03-10T
TM.1662TM.1662-62003-10-07T